Estadísticas para Rosco de Pasapalabra #27

Haz click aquí para intentar la prueba.

Estadísticas generales

  • Esta prueba ha sido intentada 101 veces
  • La puntuación promedio es 9 de 25

Estadísticas de respuestas

InicialDefiniciónRespuesta% Correcto
BGorra sin visera, redonda y chata, de lana y generalmente de una sola piezaBoina
83%
GDar u ofrecer garantías de algoGarantizar
76%
JCorcovado, cheposoJorobado
74%
RRecipiente portátil para regar, compuesto por un depósito del que sale un tubo en una boca con orificiosRegadera
70%
ACría de abejas y aprovechamiento de sus productosApicultura
67%
MPerteneciente o relativo al surMeridional
50%
OÁrbol de la familia de las ulmáceas, abundante en España, de tronco robusto y recto, y madera muy apreciadaOlmo
50%
EAcción y efecto de arrojar violentamente por la nariz y por la boca el aire contenido en los pulmonesEstornudo
49%
LPez marino comestible, de cuerpo ovalado y casi plano, tiene los dos ojos situados en el mismo lado del cuerpoLenguado
41%
ZMeter debajo del agua con ímpetu o de golpeZambullirse
41%
NDulce cremoso que se hace con leche, huevos y azúcar, cocido a fuego lentoNatillas
39%
UPlan, proyecto, doctrina o sistema deseables que parecen de muy difícil realizaciónUtopía
39%
DHombre que se distingue por su extremada elegancia y buenos modalesDandi
38%
Contiene la QAsiento de tres o cuatro pies y sin respaldoBanqueta
37%
FEn un procesador de textos, conjunto de caracteres con un diseño determinadoFuente
36%
Contiene la YDigno de ser subrayadoSubrayable
25%
SSilencio cautelosoSigilo
21%
CEnrejado de listones que se pone en las ventanas para que la persona que está en el interior vea sin ser vistaCelosía
20%
Contiene la XSe dice de la cámara fotográfica que tiene un visor para ver la misma imagen que saldrá en la fotografíaRéflex
20%
Contiene la ÑTroquel, ordinariamente de acero, con que se sellan monedas, medallas y otras cosas análogasCuño
17%
IExigencia excesiva con que se intenta obligar a alguien a que haga cierta cosaImposición
16%
TFalta o insuficiencia de luz en un sitioTinieblas
13%
HAntigua colonia fenicia que estaba situada en el territorio de la actual ciudad de Susa, en TúnezHadrumetum
4%
VApellido del escritor autor de la novela “Los colores del último puerto”Vallespinos
4%
PDinero ilícito que recibe un periódico por publicar una información que afecta o beneficia los interesesPalangre
3%

Distribución de puntuación

Porcentaje por número respondido

Porcentaje de gente con cada puntuación

Historial de tus puntuaciones

No has intentado esta prueba.